Elements of photonics (Record no. 14958)

MARC details
000 -LEADER
fixed length control field 00686nam a2200229Ia 4500
003 - CONTROL NUMBER IDENTIFIER
control field IN-BaIIA
008 - FIXED-LENGTH DATA ELEMENTS--GENERAL INFORMATION
fixed length control field 211028s9999 xx 000 0 eng d
020 ## - INTERNATIONAL STANDARD BOOK NUMBER
International Standard Book Number 0-471-40815-8
040 ## - CATALOGING SOURCE
Transcribing agency IIA Library
080 ## - UNIVERSAL DECIMAL CLASSIFICATION NUMBER
Universal Decimal Classification number 535
Item number LIZ-II
100 ## - MAIN ENTRY--PERSONAL NAME
Personal name Lizuka, K
9 (RLIN) 27058
245 #0 - TITLE STATEMENT
Title Elements of photonics
Remainder of title vol. 2, for fibre and integrated optics
Statement of responsibility, etc. K. Lizuka
260 ## - PUBLICATION, DISTRIBUTION, ETC.
Place of publication, distribution, etc. New York
Name of publisher, distributor, etc. John Wiley & Sons
Date of publication, distribution, etc. 2002
300 ## - PHYSICAL DESCRIPTION
Extent xxviii, 605-1197p.
490 ## - SERIES STATEMENT
Series statement Wiley series in pure and applied optics
650 ## - SUBJECT ADDED ENTRY--TOPICAL TERM
Topical term or geographic name entry element Anistropic crystals
9 (RLIN) 27059
650 ## - SUBJECT ADDED ENTRY--TOPICAL TERM
Topical term or geographic name entry element Boundary conditions
9 (RLIN) 27060
650 ## - SUBJECT ADDED ENTRY--TOPICAL TERM
Topical term or geographic name entry element Fourier optics
9 (RLIN) 13622
650 ## - SUBJECT ADDED ENTRY--TOPICAL TERM
Topical term or geographic name entry element Optical properties
9 (RLIN) 3730
650 ## - SUBJECT ADDED ENTRY--TOPICAL TERM
Topical term or geographic name entry element Optics
942 ## - ADDED ENTRY ELEMENTS (KOHA)
Koha item type Books
Holdings
Withdrawn status Lost status Damaged status Not for loan Home library Current library Shelving location Date acquired Cost, normal purchase price Total Checkouts Full call number Barcode Date last seen Cost, replacement price Price effective from Koha item type Purchase Price
        IIA Library-Bangalore IIA Library-Bangalore General Stacks 27/02/2003 9330.31   535/ LIZ-II 15880 05/11/2021 9330.31 27/02/2003 Books Rs. 9330.31/ 2 vol. set

Powered by Koha